| 000 | 00594nam a2200193 i 4500 | ||
|---|---|---|---|
| 001 | 128836 | ||
| 003 | ES-MaACL | ||
| 005 | 20230906193353.0 | ||
| 007 | t| | ||
| 008 | 070528s1971 sp ||||1| spa d | ||
| 080 | _a34-053.7 | ||
| 100 | 1 |
_aTardío Berzocana, Antonio. _9109280 |
|
| 245 | 1 | 0 |
_aHacia un derecho juvenil español / _cAntonio Tardío Berzocana. |
| 260 |
_a[Madrid] : _bInstituto de la Juventud, _c[1971] |
||
| 300 |
_a189 p. ; _c21 cm. |
||
| 650 | 4 |
_aJóvenes- _xDerechos. _913949 |
|
| 710 | 2 |
_aInstituto de la Juventud (España) _94979 |
|
| 852 |
_aES-MaACL _jE-6833 _bR.91161 |
||
| 999 |
_c128836 _d128836 |
||